Language Quiz

Random Language or Letter Quiz

Words Within Words 'N' Blitz Quiz Stats

 Plays Quiz Updated Dec 11, 2017

Challenge
Share
Tweet
Embed
Score 0/22 Timer 01:30
0 Plays Today
% Correct
ice
96.4%
ever
96.3%
either
95.6%
eat
95.3%
or
94.9%
arrow
94.8%
eon
94.7%
one
94.5%
emesis
93.7%
ode
91.2%
ape
89.7%
% Correct
ova
88.8%
ailing
88.4%
ought
86.7%
umber
86.4%
its
79.2%
ether
73.7%
early
72.7%
abs
70.7%
ascent
58.8%
once
43.3%
acre
33.8%

You're not logged in!

Compare scores with friends on all Sporcle quizzes.
Join for Free
OR
Log In

You Might Also Like...

Show Comments

Extras

Top Quizzes Today


Score Distribution

Your Account Isn't Verified!

In order to create a playlist on Sporcle, you need to verify the email address you used during registration. Go to your Sporcle Settings to finish the process.

Report this User

Report this user for behavior that violates our Community Guidelines.

Details: